000 00644 a2200193 4500
999 _c7488
_d7488
010 _aENG-88004
020 _c250.00
035 _aEN-71537
037 _bDBAD/ Pub
082 1 4 _a650.0285
100 1 _aGupta, Renu
245 1 _aComputer applications in business :
_ba text book for M.Com. students of Indian Universities as per UGC new syllabus/
_cby Renu Gupta; edited by Gaurav Gupta
250 _a2nd ed.
260 _aDelhi
_bShree Mahavir Book Depot (Publishers)
_cn.d.
270 _a2603, Nai Sarak
_bDelhi
300 _a482 p.
_c24 cm (Pbk.)
500 _aIncludes glossary
942 _adpl
_cEN
_2ddc
_h650.0285
_mGUP